| 000 | 00440pab a2200169 454500 | ||
|---|---|---|---|
| 008 | 180718b1995 xxu||||| |||| 00| 0 eng d | ||
| 100 | _aChadha, Vikram | ||
| 245 | _aTechnological modernisation of small sector in India | ||
| 260 | _c1995 | ||
| 300 | _ap.463-75 | ||
| 362 | _aOct-Dec | ||
| 650 | _aIndia - Industry, Small-scale | ||
| 650 | _aIndustries | ||
| 650 | _aIndustrial development | ||
| 773 | _aProductivity | ||
| 909 | _a30335 | ||
| 999 |
_c30335 _d30335 |
||